Category Cracker: Religion Quiz Stats

 Plays Quiz Updated Aug 1, 2020

Support Sporcle.
Go Orange.
Score 0/45 Timer 07:00
4 Plays Today
Category Answer % Correct
CATEGORY 1Books of the Pentateuch
100%
CATEGORY 1Genesis [J]
89.4%
CATEGORY 1Exodus [E]
88.4%
CATEGORY 1Numbers [U]
87.2%
CATEGORY 1Leviticus [S]
87%
CATEGORY 1Deuteronomy [S]
87%
CATEGORY 2Apostles of Jesus Christ
84.9%
CATEGORY 2John [R]
84%
CATEGORY 2Simon (Peter) [F]
83.7%
CATEGORY 2Judas Iscariot [N]
82.8%
CATEGORY 2Matthew [S]
82.2%
CATEGORY 2Simon the Canaanite [E]
78.6%
CATEGORY 2Thomas [R]
76.8%
CATEGORY 2James, son of Zebedee [U]
76.5%
CATEGORY 2James [E]
76.5%
CATEGORY 2Andrew [O]
74.9%
CATEGORY 2Bartholomew [O]
73%
CATEGORY 2Thaddeus [M]
71.8%
CATEGORY 2Philip [H]
71%
CATEGORY 3Horsemen of the Apocalypse
69%
CATEGORY 3Death [S]
67.4%
CATEGORY 3Famine [I]
67.2%
CATEGORY 3War [S]
67.1%
Category Answer % Correct
CATEGORY 3Pestilence [N]
66.8%
CATEGORY 4Seven Deadly Sins
66.3%
CATEGORY 4Greed [Y]
66.2%
CATEGORY 4Lust [M]
66.1%
CATEGORY 4Sloth [U]
66%
CATEGORY 4Gluttony [L]
65.9%
CATEGORY 4Envy [O]
65.6%
CATEGORY 4Wrath [S]
65.1%
CATEGORY 4Pride [P]
65%
CATEGORY 5Greek Gods of Mount Olympus
63.9%
CATEGORY 5Zeus [D]
63.7%
CATEGORY 5Hera [I]
59.6%
CATEGORY 5Apollo [C]
57.4%
CATEGORY 5Athena [M]
57.2%
CATEGORY 5Poseidon [E]
56.6%
CATEGORY 5Aphrodite [A]
56.3%
CATEGORY 5Hermes [S]
55.7%
CATEGORY 5Ares [C]
55.7%
CATEGORY 5Artemis [O]
54.3%
CATEGORY 5Hestia [H]
53.2%
CATEGORY 5Demeter [P]
52.7%
CATEGORY 5Hephaestus [L]
51.2%

You're not logged in!

Compare scores with friends on all Sporcle quizzes.
OR
Log In

From the Vault

Tracks on the Back: '90s Rock Albums

by bhenderson79

Many of us spent the '90s studying the backs of our CD cases.
Remove Ads.
Support Sporcle.
Get the best of Sporcle when you Go Orange. This ad-free experience offers more features, more stats, and more fun while also helping to support Sporcle. Thank you for becoming a member.

Show Comments

Extras

Top Quizzes Today


Score Distribution

Your Account Isn't Verified!

In order to create a playlist on Sporcle, you need to verify the email address you used during registration. Go to your Sporcle Settings to finish the process.

Report this User

Report this user for behavior that violates our Community Guidelines.

Details: